| 000 | 00972cam a2200277 i 4500 | ||
|---|---|---|---|
| 999 |
_c200441688 _d59900 |
||
| 003 | TR-AnTOB | ||
| 005 | 20230119145806.0 | ||
| 007 | ta | ||
| 008 | 121114s1975 tu 000 0 tur | ||
| 040 |
_aTR-AnTOB _beng _erda _cTR-AnTOB |
||
| 041 | 0 | _atur | |
| 050 | _aSB411 | ||
| 090 |
_aSB411 _b.G85 1975 |
||
| 245 | 0 | 0 | _aGül tarımı, sanayii ve pazarlaması. |
| 264 | 1 |
_aAnkara : _bT.C. Gıda-Tarım ve Hayvancılık Bakanlığı, _c1975 |
|
| 300 |
_a24 pages ; _btables ; _c23 cm |
||
| 336 |
_2rdacontent _atext _btxt |
||
| 337 |
_2rdamedia _aunmediated _bn |
||
| 338 |
_2rdacarrier _avolume _bnc |
||
| 490 | 0 |
_aT.C. Gıda-Tarım ve Hayvancılık Bakanlığı Tarım Ürünleri Değerlendirme ve Pazarlama Dairesi Başkanlığı, _vYayın No; 35 |
|
| 650 | 7 |
_aGül endüstrisi _zTürkiye _2etuturkob _9140217 |
|
| 710 | 1 |
_aTurkey. _bGıda, Tarım, ve Hayvancılık Bakanlığı _9113102 |
|
| 942 |
_2lcc _cBK |
||